[Event "Kouty nad Desnou op-B"]
[Site "Kouty nad Desnou"]
[Date "2015.03.14"]
[Round "9"]
[White "Bainhofner, Jiri"]
[Black "Vankova, Veronika"]
[Result "1-0"]
[WhiteElo "1795"]
[BlackElo "1312"]
[PlyCount "65"]
[EventDate "2015.03.07"]
[EventType "swiss"]
[EventRounds "9"]
[EventCountry "CZE"]
[SourceTitle "EXT 2017"]
[Source "ChessBase"]
[SourceDate "2016.10.25"]
[SourceVersion "1"]
[SourceVersionDate "2016.10.25"]
[SourceQuality "1"]

1. e4 e5 2. d4 exd4 3. Qxd4 Nc6 4. Qe3 d6 5. Nc3 Nf6 6. Bc4 Ne5 7. Bb3 Be6 8. f3 Bxb3 9. axb3 a6 10. Nge2 Be7 11. f4 Nc6 12. Bd2 d5 13. e5 d4 14. Qg3 dxc3 15. Bxc3 Nh5 16. Qf3 g6 17. g4 Ng7 18. Rd1 Qc8 19. h4 Bb4 20. Ng3 Bxc3+ 21. bxc3 Qe6 22. Ne4 Rd8 23. Nf6+ Kf8 24. Kf2 Rxd1 25. Rxd1 Ne8 26. g5 Kg7 27. h5 Rf8 28. hxg6 hxg6 29. Rh1 Rh8 30. Rxh8 Nxf6 31. gxf6+ Kxh8 32. Qh1+ Kg8 33. Qh6 1-0

[Event "IPCA Wch-A 13th"]
[Site "Velke Losiny"]
[Date "2013.06.18"]
[Round "1"]
[White "Reznicek, Marcel"]
[Black "Bainhofner, Jiri"]
[Result "1-0"]
[WhiteElo "2109"]
[BlackElo "1828"]
[PlyCount "101"]
[EventDate "2013.06.18"]
[EventType "swiss"]
[EventRounds "9"]
[EventCountry "CZE"]
[SourceTitle "CBM 155 Extra"]
[Source "ChessBase"]
[SourceDate "2013.08.26"]
[SourceVersion "1"]
[SourceVersionDate "2013.08.26"]
[SourceQuality "1"]

1. e4 e5 2. Nf3 Nc6 3. c3 Bc5 4. d4 exd4 5. cxd4 Bb4+ 6. Nc3 Nf6 7. e5 Ne4 8. Qc2 Nxc3 9. bxc3 Be7 10. d5 Na5 11. Bd2 b6 12. c4 Nb7 13. Bd3 h6 14. 0-0 Nc5 15. Bf5 d6 16. e6 0-0 17. exf7+ Rxf7 18. Bg6 Rxf3 19. gxf3 Bh3 20. Rfe1 Qf8 21. f4 Qf6 22. f5 Qh4 23. Re3 Bf6 24. Rae1 Be5 25. Rg3 Bxg3 26. hxg3 Qd4 27. Be3 Qd3 28. f6 Qxc2 29. Bxc2 gxf6 30. Bxh6 Kf7 31. f3 Bd7 32. g4 Rg8 33. Kf2 a5 34. Bf4 Ba4 35. Bb1 b5 36. Rh1 b4 37. Bd2 Nd7 38. Bf5 Nc5 39. Bb1 Bd7 40. Rh7+ Rg7 41. Rh1 c6 42. Bf4 Nb7 43. Be4 c5 44. Rb1 a4 45. Ke3 Ke7 46. Kd2 Be8 47. Re1 Kd8 48. Rh1 Ke7 49. Bc2 a3 50. Re1+ Kd7 51. Ba4+ 1-0

[Event "Kouty nad Desnou op-A"]
[Site "Kouty nad Desnou"]
[Date "2011.03.17"]
[Round "7"]
[White "Bainhofner, Jiri"]
[Black "Tuma, Jan"]
[Result "1-0"]
[WhiteElo "1810"]
[BlackElo "1663"]
[PlyCount "71"]
[EventDate "2011.03.12"]
[EventType "swiss"]
[EventRounds "9"]
[EventCountry "CZE"]
[SourceTitle "EXT 2014"]
[Source "ChessBase"]
[SourceDate "2013.11.20"]
[SourceVersion "1"]
[SourceVersionDate "2013.11.20"]
[SourceQuality "1"]

1. e4 c5 2. f4 d6 3. Nf3 e6 4. Bc4 Be7 5. Nc3 Nf6 6. d4 cxd4 7. Nxd4 a6 8. a4 0-0 9. Qf3 Qc7 10. Bd3 Nc6 11. Nxc6 bxc6 12. g4 d5 13. e5 Nd7 14. Qh3 g6 15. g5 c5 16. Nd1 Re8 17. Nf2 Bf8 18. Ng4 c4 19. Be2 Bb7 20. Rg1 Qc5 21. Rg3 h5 22. gxh6 Kh7 23. b3 Rab8 24. Be3 d4 25. Rd1 Qb4+ 26. Kf1 dxe3 27. Rxd7 Re7 28. Nf6+ Kh8 29. Bxc4 Rxd7 30. Nxd7 Qd2 31. Rxe3 Qxd7 32. Rd3 Qc6 33. Ke2 Qe4+ 34. Qe3 Qxe3+ 35. Kxe3 Bc8 36. Rd8 1-0

[Event "Kouty nad Desnou op-A"]
[Site "Kouty nad Desnou"]
[Date "2011.03.16"]
[Round "6"]
[White "Novak, Jiri"]
[Black "Bainhofner, Jiri"]
[Result "1-0"]
[WhiteElo "1692"]
[BlackElo "1810"]
[PlyCount "75"]
[EventDate "2011.03.12"]
[EventType "swiss"]
[EventRounds "9"]
[EventCountry "CZE"]
[SourceTitle "EXT 2014"]
[Source "ChessBase"]
[SourceDate "2013.11.20"]
[SourceVersion "1"]
[SourceVersionDate "2013.11.20"]
[SourceQuality "1"]

1. c4 g6 2. Nc3 Bg7 3. g3 Nf6 4. Bg2 0-0 5. e4 d6 6. Nge2 e5 7. d3 a5 8. 0-0 Na6 9. a3 Bd7 10. f4 exf4 11. Bxf4 Re8 12. Qc2 Nh5 13. Be3 f5 14. Bf2 c6 15. Rad1 Qc7 16. exf5 Bxf5 17. Nd4 Bg4 18. Rde1 Qd7 19. Nf3 Nc5 20. Kh1 Qf5 21. Rxe8+ Rxe8 22. Bxc5 dxc5 23. Ne4 Bxf3 24. Rxf3 Qe5 25. Rf2 Qd4 26. Bf3 Nf6 27. Nxf6+ Bxf6 28. Be4 Rf8 29. a4 Be5 30. Rxf8+ Kxf8 31. b3 Qa1+ 32. Kg2 Bd4 33. Kh3 Qf1+ 34. Qg2 Qb1 35. Qf3+ Kg7 36. Qf4 h5 37. Qc7+ Kh6 38. Qf7 1-0

[Event "Kouty nad Desnou op-A"]
[Site "Kouty nad Desnou"]
[Date "2011.03.15"]
[Round "5"]
[White "Rydl, Adolf"]
[Black "Bainhofner, Jiri"]
[Result "0-1"]
[WhiteElo "1786"]
[BlackElo "1810"]
[PlyCount "106"]
[EventDate "2011.03.12"]
[EventType "swiss"]
[EventRounds "9"]
[EventCountry "CZE"]
[SourceTitle "EXT 2014"]
[Source "ChessBase"]
[SourceDate "2013.11.20"]
[SourceVersion "1"]
[SourceVersionDate "2013.11.20"]
[SourceQuality "1"]

1. e4 d6 2. d4 g6 3. Nc3 Bg7 4. Nf3 Nf6 5. h3 Nbd7 6. Be3 0-0 7. Qd2 e5 8. Bh6 Nb6 9. Bxg7 Kxg7 10. 0-0-0 exd4 11. Qxd4 Be6 12. g4 Kg8 13. Ng5 h6 14. Nxe6 fxe6 15. f4 Qe7 16. Qe3 Kg7 17. Be2 e5 18. g5 hxg5 19. fxg5 Nh5 20. Bxh5 gxh5 21. h4 Qf7 22. Qh3 Qg6 23. Rhf1 a6 24. Rf5 Rf7 25. Rdf1 Raf8 26. Qf3 c6 27. Ne2 Nc8 28. Ng3 Ne7 29. Nxh5+ Kg8 30. Nf6+ Kh8 31. h5 Qg7 32. Ne8 Qxg5+ 33. Kd1 Rxf5 34. exf5 Rxf5 35. Qe2 Rxf1+ 36. Qxf1 Qxh5+ 37. Kd2 Qxe8 38. Qh3+ Kg7 39. Qe6 Qf7 40. Qxd6 Qd5+ 41. Qxd5 cxd5 42. Kd3 b5 43. b3 Nc6 44. c4 dxc4+ 45. bxc4 bxc4+ 46. Kxc4 Kf6 47. a4 Kf5 48. Kd5 Nb8 49. Kc5 Kf4 50. Kb6 e4 51. Kb7 Nd7 52. a5 Nc5+ 53. Kb6 Nb3 0-1